000 00514nam a2200181 a 4500
001 24155
003 CO-ViMGA
008 141112s2004 ck r 000 u spa d
020 _a9789580510802
040 _aCO-ViMGA
_bspa
_cCO-ViMGA
082 _a510.7 M177
100 1 _aMartinez Velandia, Fabian
_96606
245 1 0 _aAciertos matematicos 9 /
_cfabian Martinez Velandia , Norely Useche Baron
260 _aColombia :
_bEducar
300 _a320p.
650 1 4 _aMATEMATICAS - ENSEƑANZAS
_96607
942 _2ddc
_cBK
999 _c11664
_d11664